Leading with emotional intelligence : (Record no. 275470)
[ view plain ]
| 000 -LEADER | |
|---|---|
| fixed length control field | 00558nam a2200157Ia 4500 |
| 008 - FIXED-LENGTH DATA ELEMENTS--GENERAL INFORMATION | |
| fixed length control field | 140910s9999 xx 000 0 und d |
| 020 ## - INTERNATIONAL STANDARD BOOK NUMBER | |
| International Standard Book Number | 9780071750950 |
| 050 ## - LIBRARY OF CONGRESS CALL NUMBER | |
| Classification number | BF 637.L4 |
| Item number | .N33 2011 |
| 100 ## - MAIN ENTRY--PERSONAL NAME | |
| Personal name | Nadler, Reldan S. |
| 245 ## - TITLE STATEMENT | |
| Title | Leading with emotional intelligence : |
| Remainder of title | hands-on strategies for building confident and collaborative star performers / |
| Statement of responsibility, etc | Reldan S. Nadler. |
| 260 ## - PUBLICATION, DISTRIBUTION, ETC. (IMPRINT) | |
| Place of publication, distribution, etc | New York : |
| Name of publisher, distributor, etc | McGraw-Hill, |
| Date of publication, distribution, etc | c2011. |
| 300 ## - PHYSICAL DESCRIPTION | |
| Extent | xxii, 340 pages : |
| Other physical details | illustration ; |
| Dimensions | 24 cm. |
| 650 ## - SUBJECT ADDED ENTRY--TOPICAL TERM | |
| Topical term or geographic name as entry element | Emotional Intelligence. |
| 650 ## - SUBJECT ADDED ENTRY--TOPICAL TERM | |
| Topical term or geographic name as entry element | Leadership. |
| 942 ## - ADDED ENTRY ELEMENTS (KOHA) | |
| Koha item type | Books |
| Withdrawn status | Lost status | Damaged status | Home library | Current library | Shelving location | Date acquired | Source of acquisition | Total Checkouts | Total Renewals | Full call number | Barcode | Date last seen | Date checked out | Price effective from | Koha item type |
|---|---|---|---|---|---|---|---|---|---|---|---|---|---|---|---|
| Luxembourg Library | Luxembourg Library | Teachers Reference Section | 09/10/2014 | Library Fund | 3 | 34 | BF 637.L4 .N33 2011 | 19831 | 02/27/2017 | 07/07/2016 | 09/10/2014 | Books |